| 000 | 00909nam a22002055i 4500 | ||
|---|---|---|---|
| 001 | 167026 | ||
| 003 | ES-MaACL | ||
| 005 | 20230906213438.0 | ||
| 008 | 000717s1891 po a |||| | por d | ||
| 040 |
_aCCPB | B _bspa _cCCPB | B |
||
| 100 | 1 |
_aVasconcelos Abreu, Guilherme de, _9133565 |
|
| 245 | 1 | 0 |
_aSummario das investigações em samscritología desde 1886 até 1891 _b: opusculo escripto a convite da Commissão Organizadora do Congresso Internacional de Orientalistas, Londres, 1891 / _cpor G. de Vasconcellos-Abreu. |
| 260 |
_aLisboa : _bImprensa Nacional, _c1891. |
||
| 300 |
_a56, [1] p., [1] h. de grab. pleg. ; _c25 cm. |
||
| 599 | _aLa h. de grab. es litogr. | ||
| 611 | 2 | 4 |
_aCongresso Internacional de Orientalistas. _d1891. _cLondres) _9135107 |
| 650 | 0 | 4 |
_aLengua sánscrita. _914321 |
| 852 |
_aES-MaACL _jT-838-F-10 _z-- Enc. hol. _z-- Enc. en un vol. facticio |
||
| 999 |
_c167026 _d167026 |
||